Dream Academy - Candidates par images - Statistiques

Statistiques générales
  • Ce quiz a été pris 178 fois
  • Le résultat moyen est 15 sur 20
Statistiques - réponses
Par images Réponse % Correct
Megan
96%
Lara
95%
Manon
94%
Sophia
94%
Daniela
93%
Yoonchae
91%
Emily
88%
Samara
85%
Lexie
83%
Adela
82%
Marquise
79%
Ua
78%
Brooklyn
74%
Ezrela
74%
Celeste
71%
Karlee
59%
Mei
55%
Nayoung
55%
Iliya
52%
Hinari
38%
Aucun quiz correspondant
Distribution des résultats
% des personnes avec chaque résultat
Percentile par nombre de réponses
Votre historique - résultats
Vous n’avez pas pris ce quiz